000 00525nam a2200193Ia 4500
005 20250326144802.0
008 250326s9999 xx 000 0 und d
020 _a0-7506-5994-7
037 _aTextbook
040 _aFMSL
_beng
_cFMSL
041 _aeng
_2eng
084 _aX:51 P5
_qFMSL
100 _aButje M
_9750104
245 0 _aProduct marketing : for technology companies
_cButje M
260 _aLondon
_bLondon, Elsevier
_c2005
300 _a183p
942 _cTB
_hX:51 P5
999 _c1305047
_d1305047